Protokol Malaysia & bentuk panggilan yang tepat

Bibliographic Details
Main Author: Abdullah Ali, Datuk
Format: Book
Published: Selangor : Marshall Cavendish , 2006
Subjects:

MARC

LEADER 00000cam a2200000 7i4500
001 0000016084
005 20080421.0
008 080421
020 |a 9833318533 
090 0 0 |a 327.209595   |b ABD 
100 0 |a Abdullah Ali, Datuk 
245 1 0 |a Protokol Malaysia & bentuk panggilan yang tepat   |c Abdullah Ali 
260 |a Selangor :   |b Marshall Cavendish ,   |c 2006 
650 0 |a Diplomatic etiquette   |x Malaysia 
650 0 |a Goverment etiquette   |z Malaysia 
650 0 |a Kings and rulers   |z Malaysia 
650 0 |a Precedence   |z Malaysia 
740 0 |a Protokol Malaysia dan bentuk panggilan yang tepat 
999 |a 0001018773   |b Book   |c Adult Collection   |e Perbadanan Perpustakaan Awam Johor 
999 |a 0001018774   |b Book   |c Adult Collection   |e Perbadanan Perpustakaan Awam Johor 
999 |a 0001018775   |b Book   |c Adult Collection   |e Cawangan Urban Transformation Centre